Guess The Album By 3 Songs #1 - Statistics

General Stats
  • This quiz has been taken 54 times
  • The average score is 4 of 10
Answer Stats
Songs Albums % Correct
Galway GirlHappier Supermarket Flowers Divide - Ed Sheeran
57%
ArabellaFireside I Wanna Be Yours AM - Arctic Monkeys
54%
Come TogetherHere Comes The Sun Sun King Abbey Road - The Beatles
49%
Scar TissueOtherside Road Trippin' Californication - Red Hot Chili Peppers
40%
Wanna Be Startin' Somethin'Baby Be Mine Human Nature Thriller - Michael Jackson
40%
Running Out Of TimePuppet Are We Still Friends? Igor - Tyler, The Creator
37%
Grenade
Marry You
Talking To The Moon
Doo-Wops & Hooligans - Bruno Mars
31%
PhysicalLove Again Boys Will Be Boys Future Nostalgia - Dua Lipa
26%
StrongerDon't Let Me Be The Last To Know Lucky Oops!... I Did It Again - Britney Spears
17%
NovacandySign Me Up Laugh It Off Austin - Post Malone
9%
No matching quizzes found
Score Distribution
Percent of People with Each Score
Percentile by Number Answered
Your Score History
You have not taken this quiz